000 00666nam a2200265 a 4500
005 20210219153102.0
008 991125n 000 0 spa u
035 _aUPN01000077234
100 1 _aDurkheim, Emile,
_d1858-1917
222 _aREVISTA COLOMBIANA DE EDUCACION
245 _aLa escuela del mañana
300 _a61-64
362 0 _a1988 No. 19, ene.-jun.
653 0 _aALEMANIA
653 0 _aEDUCACION MORAL
653 0 _aEDUCACION PUBLICA
653 0 _aESCUELA
653 0 _aFRANCIA
700 1 _aCastaño, Inés Elvira,
700 1 _etr.
700 1 _aCastaño, Gonzalo,
700 1 _etr.
904 _aAC
_b015045
905 _aArticulo
999 _c68075
_d68075